000 00718nas a2200241 4500
001 BR7704423
003 BR-BrBNA
005 20231205083229.0
007 ta
008 230509b bl.|||p| |||| 00| 00por d
040 _aBR-BrBNA
_bpor
_cBiblioteca Nacional de Agricultura
041 _a(Pt)
072 _aH60
100 1 _aUeda, A.
100 1 _aCosta, L.M.K.
245 1 _aHerbicidas garantem maior rendimento no cafe [coffea arabica, Parana, Sao Paulo, Minas Gerais, Brasil]
650 _aCAFE
650 _aHERBICIDA
650 _aCONTROLE QUIMICO
773 0 _tAgroquimica (Brazil)
_xISSN 0100-6312
_g(1977), (no. 7) p. 6-13
_wBR7704423
909 _a202311
_bLúcia
_c55
_dLúcia Elande
942 _2AGRIS
_n0
_cANA
999 _c97323
_d97323